Postavenie Národnej banky Slovenska v oblasti platobného systému
Národná banka Slovenska od 1. januára 2003 zabezpečuje prevádzku medzibankového platobného systému SIPS a 1. apríla 2004 uviedla do prevádzky nový medzibankový platobný systém RTGS.V tejto súvislosti je vedený rozhovor s Ing. M. Koreňovou, vrchnou riaditeľkou úseku finančného riadenia a platobného s...
Gespeichert in:
| 1. Verfasser: | |
|---|---|
| Weitere Verfasser: | |
| Format: | Buchkapitel |
| Sprache: | Slowakisch |
| Schlagworte: | |
| Tags: |
Keine Tags, Fügen Sie das erste Tag hinzu!
|
MARC
| LEADER | 00000naa$a2200000$$$4500 | ||
|---|---|---|---|
| 001 | 0008386 | ||
| 005 | 20170718083547.3 | ||
| 041 | 0 | |a slo | |
| 044 | |a SK | ||
| 245 | 1 | 0 | |a Postavenie Národnej banky Slovenska v oblasti platobného systému |c účast. interv. Milena Koreňová, Alica Polónyiová |
| 520 | |a Národná banka Slovenska od 1. januára 2003 zabezpečuje prevádzku medzibankového platobného systému SIPS a 1. apríla 2004 uviedla do prevádzky nový medzibankový platobný systém RTGS.V tejto súvislosti je vedený rozhovor s Ing. M. Koreňovou, vrchnou riaditeľkou úseku finančného riadenia a platobného styku NBS Bratislava. | ||
| 610 | 2 | 0 | |a systémy platobné |
| 610 | 2 | 0 | |a styk platobný |
| 610 | 2 | 0 | |a banky |
| 610 | 2 | 0 | |a zúčtovanie |
| 610 | 2 | 0 | |a NBS Bratislava |
| 100 | 1 | |a Koreňová, Milena | |
| 700 | 1 | |a Polónyiová, Alica | |